01865cam a22004097a 4500003000500000005001700005008004100022010001000063011001000073035001000083040000900093090001000102100003900112245018400151260004100335300002100376502010000397590003700497590004100534590004100575590004100616590004200657650004400699650003800743650002700781650003200808901000700840905002300847942000900870949005500879949005500934949004200989999001701031952014001048952014001188952012701328CHAP20220329142015.0990204d1998 mx r 00110 spa d a76968 a77940 a87715 cCHAP aTesis00aBarreto Liquidano, Eleazar.91044610aAnálisis de política de la producción de leche :bcompetitividad y ventajas comparativas del sistema familiar en Ixtapaluca, Edo. de Méxicoc/por Eleazar Barreto Liquidano aChapingo, Méx. :bEl autor,c1998. a98 h. :bcuadros aTesis (Lic. en Economía Agrícola) -- UACH. Division de Ciencias Económico Administrativas aALEPHb10c20130110lUCH01h1427 aBATCH-UPDb10c20130110lUCH01h1229 aBATCH-UPDb10c20130410lUCH01h0800 aBATCH-UPDb10c20130914lUCH01h1517 aCONVERSIONb10c20130109lUCH01h134214aGanado lecherozMéxico (Edo.).94531414aLechexMercadeozTlaxcala.96539314aLechexPrecios.96539814aLechexProducción.965400 aBK aLilia Sánchez G. cFOLL bBCcTESd33724000710869eTS2fc.2h33387i87715sb bBCcTESd33724000762787eTS2fc.3h35648i87715sb bBCcTESd877151eTS1h33386i87715sb c76968d76968 00102local4053708TESISaBCbBCcPA_TESISd2019-12-31fTESISl0oTesisp33724000710869r2019-12-31 00:00:00tc.2w2019-12-31yTESIS 00102local4053708TESISaBCbBCcPA_TESISd2019-12-31fTESISl0oTesisp33724000762787r2019-12-31 00:00:00tc.3w2019-12-31yTESIS 00102local4051708TESISaBCbBCcPA_TESISd2019-12-31fTESISl0oTesisp877151r2019-12-31 00:00:00w2019-12-31yTESIS